Welcome to the Holygrace Academy Library

Please use search bar below to get started

THE ONE YOU CANNOT HAVE (Record no. 3364)

MARC details
000 -LEADER
fixed length control field 00582nam a22001337a 4500
082 ## - DEWEY DECIMAL CLASSIFICATION NUMBER
Classification number 823
Item number SHE/O
100 ## - MAIN ENTRY--AUTHOR NAME
Personal name SHENOY,PREETI
245 ## - TITLE STATEMENT
Title THE ONE YOU CANNOT HAVE
260 ## - PUBLICATION, DISTRIBUTION, ETC. (IMPRINT)
Place of publication NEW DELHI
Name of publisher WEST LAND PUBLICATIONS
300 ## - PHYSICAL DESCRIPTION
Number of Pages 270
520 ## - SUMMARY, ETC.
Summary, etc Once destined to be married, Aman receives a shock when Shruti breaks up with him stating her mother's terminal illness as the reason behind her decision. A forlorn and love-torn Aman tries hard to win her back but to no avail, so he decides to move to London as a way to move past Shruti.
650 ## - SUBJECT ADDED ENTRY--TOPICAL TERM
Topical Term ENGLISH NOVEL
Geographic subdivision INDIA
942 ## - ADDED ENTRY ELEMENTS (KOHA)
Koha item type Books
Holdings
Withdrawn status Lost status Collection code Home library Current library Shelving location Date acquired Source of acquisition Full call number Accession Number Koha item type
    Fiction Main Library Main Library SHELF 2-J-ENGLISH NOVELS FOR TEACHERS 17/01/2019 PURCHASE 823 SHE/O 10473 Books